• 首页
  • 本馆介绍
  • 公告通知
  • 最新文献
  • 馆藏检索
  • 电子资源
  • 读者导购
  • 参考咨询
  • 我的图书馆
  • 登录
  • 详细信息显示
  • 放入我的书架
  • 预约/预借图书
  • 作者相关作品
  • 分类相关作品
  • 丛书相关作品
  • 出版社相关作品

书目信息

  • 表格格式
  • 工作单格式
  • 卡片格式
题名:
生命的肖像
    
 
作者: 拉考塔 , 舍尔斯 著 ;王威 译
分册:  
出版信息: 沈阳   辽宁教育出版社  2005
页数: 184页
开本: 26cm
丛书名:
单 册:
中图分类: J433
科图分类:
主题词: 人像摄影--德国--现代--摄影集 , 临终关怀--通俗读物 , 人像摄影 , 临终关怀
电子资源:
ISBN: 7-5382-7645-9
000 01133nam0 2200313 450
001 1257167593
005 20121019155327.51
010    @a7-5382-7645-9@dCNY68.00
100    @a20060104d2005 em y0chiy50 ea
101 1  @achi@cger
102    @aCN@b210000
105    @aa z 000yd
200 1  @a生命的肖像@Asheng ming de xiao xiang@e当死神渐渐走近@f(德)贝阿塔·拉考塔,(德)瓦尔特·舍尔斯著@g王威翻译
210    @a沈阳@c辽宁教育出版社@d2005
215    @a184页@c照片@d26cm
305    @a由DVA授权,贝塔斯曼亚洲出版公司转授权出版
312    @a封面德文题名:Noch Mal Leben vor Dem Tod
330    @a这是由一组在欧洲引起轰动的“生命肖像系列”图片和采访文字编辑而成的作品,它记录了人的生命和死亡,作者用对比手法,表现人类在濒临死亡时的精神状态。
510 1  @aNoch Mal Leben vor Dem Tod@zger
606 0  @a人像摄影@y德国@z现代@j摄影集
606 0  @a临终关怀@j通俗读物
606 0  @a人像摄影
606 0  @a临终关怀
690    @aJ433@v4
701  0 @c(德)@a拉考塔@Ala kao ta@4著
701  0 @c(德)@a舍尔斯@Ashe er si@4著
702  0 @a王威@Awang wei@c(德语翻译)@4译
801  0 @aCN@bNLC@c20101222
905    @a10447@dJ433@eJY50
    
    生命的肖像:当死神渐渐走近/(德)贝阿塔·拉考塔,(德)瓦尔特·舍尔斯著/王威翻译.-沈阳:辽宁教育出版社,2005
    184页:照片;26cm
    
    
    ISBN 7-5382-7645-9:CNY68.00
    这是由一组在欧洲引起轰动的“生命肖像系列”图片和采访文字编辑而成的作品,它记录了人的生命和死亡,作者用对比手法,表现人类在濒临死亡时的精神状态。
●
相关链接 在E读中查询图书 在五车中查询图书 在当当中查询图书 在豆瓣中查询图书


正题名:生命的肖像     索取号:J433/JY50         预约/预借

序号 登录号 条形码 馆藏地/架位号 状态 备注
1 7832851   278328515   学院路分馆/ [索取号:J433/JY50] 在馆    
2 7832852   278328524   学院路分馆/ [索取号:J433/JY50] 在馆    
3 7832853   278328533   学院路分馆/ [索取号:J433/JY50] 在馆    
4 7832854   278328542   学院路分馆/ [索取号:J433/JY50] 在馆    
唐山师范学院图书馆 欢迎您!
大连网信软件有限公司© 版权所有